000 00473 a2200133 4500
082 _aMS-IT-9
090 _c7535
_d7535
100 _aGhulam Hassan
245 _aOpen profile ontology for semantic matching of resume & job descriptions
_cGhulam Hassan
260 _aIslamabad
_bNUST-SEECS
_c2012
300 _aPages various
_b;ill.
_c;27cm.+
_eCD ROM
500 _aSupervisors: Dr. Khalid Latif, Dr. Sharifullah Khan, Mr. Muhammad Bilal, Mr. Atif Mumtaz
942 _cPR
_kMS-IT-9 GHU
999 _c11338
_d11338